| 000 | 00438nam a2200133Ia 4500 | ||
|---|---|---|---|
| 008 | 220216s9999 xx 000 0 und d | ||
| 100 | _aClough J M T | ||
| 245 | 0 | _aHartex 103- A new system for natural rubber latex concentrate production | |
| 260 | _bProceedings of the International Rubber Conference, Kuala Lumpur. V.5, 1975; p103-118 | ||
| 650 | _aHartex 103 | ||
| 650 | _aNR latex concentrate | ||
| 700 | _aGlymph E M | ||
| 942 | _cJS | ||
| 999 |
_c60227 _d60227 |
||